Statistics for Airlines Serving the Airports of Switzerland

Click here to take the quiz!

General Stats

  • This quiz has been taken 181 times
    (107 since last reset)
  • The average score is 47 of 96

Answer Stats

Airports ServedAirlines% Correct
GVA | SIR | ZRHSwiss
100%
BSL/MLH/EAP | GVA | ZRHBritish Airways
98%
ZRHAmerican Airlines
96%
BSL/MLH/EAPRyanair
95%
BSL/MLH/EAP | GVA | ZRHAir France
94%
ZRHDelta Air Lines
94%
GVAAir France Hop
94%
GVA | ZRHEmirates
93%
GVA | ZRHUnited Airlines
93%
GVA | ZRHAeroflot
93%
BSL/MLH/EAP | GVA | ZRHLufthansa
91%
GVA | ZRHSAS
91%
GVA | ZRHAlitalia
90%
BSL/MLH/EAP | GVA | ZRHKLM
90%
BSL/MLH/EAP | GVAeasyJet Switzerland
89%
BSL/MLH/EAP | GVA | ZRHeasyJet
89%
GVA | ZRHAer Lingus
88%
BSL/MLH/EAP | GVA | ZRHIberia
88%
GVA | ZRHTAP Portugal
85%
GVA | ZRHQatar Airways
84%
GVAAir China
82%
GVA | ZRHLOT Polish Airlines
82%
GVA | ZRHEtihad Airways
80%
GVA | ZRHFinnair
79%
GVA | ZRHAir Canada
78%
BSL/MLH/EAP | GVA | ZRHTurkish Airlines
77%
BSL/MLH/EAP | GVA | ZRHAustrian Airlines
76%
BSL/MLH/EAP | GVABrussels Airlines
74%
ZRHSingapore Airlines
73%
GVANorwegian
72%
BSL/MLH/EAP | GVA | ZRHAegean Airlines
71%
ZRHThai Airways
67%
BSL/MLH/EAP | GVA | ZRHEurowings
63%
GVA | ZRHRoyal Air Maroc
63%
ZRHEdelweiss Air
59%
GVAEgyptAir
59%
GVAEthiopian Airlines
57%
GVA | ZRHEl Al
57%
BSL/MLH/EAP | GVAWizz Air
56%
GVA | ZRHairBaltic
56%
GVA | ZRHIcelandair
55%
ZRHOman Air
51%
ZRHCathay Pacific
51%
GVA | ZRHUkraine International Airlines
50%
GVASaudia
50%
GVA | ZRHRoyal Jordanian
50%
BSL/MLH/EAP | GVA | ZRHVueling
49%
ZRHAir Serbia
46%
GVA | ZRHAir Malta
45%
GVATUI
43%
BSL/MLH/EAPTUI fly Deutschland
43%
BSL/MLH/EAPTUI fly Belgium
43%
ZRHCroatia Airlines
40%
GVAS7 Airlines
40%
GVALuxair
39%
GVAKenya Airways
39%
ZRHKorean Air
38%
ZRHBulgaria Air
37%
GVATransavia France
37%
GVATransavia
37%
ZRHAir Europa
34%
GVAMEA Middle Eastern Airlines
33%
GVAFlybe
33%
BSL/MLH/EAP | GVAAir Algérie
33%
GVAKuwait Airways
32%
BSL/MLH/EAP | GVA | ZRHTunisair
30%
GVAJet2
29%
BRN | ZRHHelvetic Airways
29%
BSL/MLH/EAP | GVA | ZRHPegasus Airlines
27%
ZRHHainan Airlines
24%
GVABelavia
23%
BSL/MLH/EAPAir Transat
23%
GVAAZAL Azerbaijan Airlines
22%
GVAAir Moldova
20%
ZRHMontenegro Airlines
18%
GVAAir Mauritius
18%
BSL/MLH/EAPAir Arabia Maroc
18%
BSL/MLH/EAP | ZRHSunExpress
16%
GVA | ZRHCyprus Airways
15%
BRN | BSL/MLH/EAP | ZRHChair Airlines
13%
ACHPeople's
10%
ZRHTailwind Airlines
6%
BSL/MLH/EAPCorendon Airlines Europe
6%
ZRHOnur Air
6%
BSL/MLH/EAP | ZRHCorendon Airlines
6%
ZRHIsrair
5%
ZRHTwin Jet
5%
BSL/MLH/EAP | ZRHNouvelair
5%
ZRHBH Air
5%
BSL/MLH/EAPFlyEgypt
4%
BSL/MLH/EAPOrange2Fly
2%
BRNflyBAIR
1%
BSL/MLH/EAPHoliday Europe
1%
ZRHAlMasria Universal Airlines
1%
GVA | SIRAir Glaciers
1%
LUGSilver Air
1%

Score Distribution

Percentile by Number Answered

Percent of People with Each Score

Your Score History

You have not taken this quiz since the last reset